| 000 | 02241nam a22002657a 4500 | ||
|---|---|---|---|
| 999 |
_c377379 _d377379 |
||
| 001 | 91112 | ||
| 003 | UA-OsUOA | ||
| 005 | 20200708113035.0 | ||
| 007 | ta | ||
| 008 | 20121122b un ||||| |||| 00| 0 ukr d | ||
| 040 |
_aUA-OsUOA _brus _cUA-OsUOA _dUA-OsUOA |
||
| 041 | _arus | ||
| 080 | _a343.1 | ||
| 090 |
_a343.1 _bМ19 |
||
| 100 | _aМалиновский И. А. | ||
| 245 |
_aУчение о преступлении по Литовскому Статуту _cИ. А. Малиновский ; под ред. В. А. Попелюшка |
||
| 260 |
_aОстрог _bИзд-во НаУОА _c2012 |
||
| 300 | _a264 с. | ||
| 440 | _aАнтология правовой мысли | ||
| 520 | _aПредложенная читателю монография представляет собой научную студенческую роботу выпускника (1892 г.) юридического факультета Киевского Императорского университета св. Владимира (ныне Киевского национального университета имени Тараса Шевченка), в будущем выдающегося научного, общественного, просвитительского и политического деятеля России и СССР первой трети ХХ в., Иоанникия Алексеевича Малиновского (1869-1932 гг.). В ней автор представил казуистическое построение уголовного права в Литовских Статутах в виде его стройной системы, состоящей из Общей и Особенной частей, а также осветил важнейшие вопросы судоустройства и судопроизводства. Рассчитана на юристов и историков. Может быть интересна широкому кругу читателей. | ||
| 650 | 7 |
_a343 Кримінальне право. Карні порушення _2UDC |
|
| 942 |
_cBK _2udc |
||
| 955 | _a1 | ||